| 000 | 00739nam a2200181 a 4500 | ||
|---|---|---|---|
| 001 | 000028856 | ||
| 005 | 20200930055159.0 | ||
| 008 | 110412s1989 dr 000 p spa d | ||
| 040 |
_aDO-SdBNP _bspa _cBNPHU |
||
| 082 |
_axxx _bR457o |
||
| 100 | 1 |
_aReyes, Juan de Jesús _d1872-1962 _955837 |
|
| 245 | 1 | 0 |
_aObras escogidas de Juan de Jesús Reyes / _cJuan de Jesús Reyes. |
| 260 |
_aSanto Domingo : _bOficina Nacional de Administración y Personal (ONAP) : _bFeria del Libro y la Cultura, _c1989. |
||
| 300 |
_aiv, 65 p. ; _c21 cm. |
||
| 533 |
_aReproducción facsimilar _bSantiago, República Dominicana _cEditorial la Información, _d1949. |
||
| 500 | _aIncluye datos biograficos del autor en la solapa de la contracubierta | ||
| 049 | _aBNPD | ||
| 999 |
_c28348 _d28348 |
||